Science and Technology in War / (Record no. 209290)

MARC details
000 -LEADER
fixed length control field 00870nam a22002177a 4500
005 - DATE AND TIME OF LATEST TRANSACTION
control field 20250619153335.0
010 ## - LCCN (DPL NO)
LC control number B-761737-745 ENG-145458 BACEN25
020 ## - INTERNATIONAL STANDARD BOOK NUMBER
International Standard Book Number 9789390473687
Terms of availability 545.00
035 ## - SYSTEM CONTROL NUMBER
System control number B-761737-745
035 ## - SYSTEM CONTROL NUMBER
System control number EN-128990
037 ## - SOURCE OF ACQUISITION
Source of stock number/acquisition Academic Aspirations
037 ## - SOURCE OF ACQUISITION
Source of stock number/acquisition DBAD
082 ## - DEWEY DECIMAL CLASSIFICATION NUMBER
Classification number 355.2230954
100 ## - MAIN ENTRY--PERSONAL NAME
Personal name Vyas,R.D.
245 ## - TITLE STATEMENT
Title Science and Technology in War /
Statement of responsibility, etc R.D. Vyas
260 ## - PUBLICATION, DISTRIBUTION, ETC. (IMPRINT)
Place of publication, distribution, etc New Delhi
Name of publisher, distributor, etc Academic Aspirations
Date of publication, distribution, etc 2025
270 ## - ADDRESS
Address 4740/23, Ansari Road, Daryaganj
City New Delhi
Postal code 110002
Electronic mail address academicaspiration@gmail.com
300 ## - PHYSICAL DESCRIPTION
Extent 312p.
Dimensions 23cm(pbk)
942 ## - ADDED ENTRY ELEMENTS (KOHA)
Source of classification or shelving scheme Dewey Decimal Classification
Item type English Books
Classification part 355.2230954
Call number suffix VYS
Holdings
Withdrawn status Lost status Not for loan Collection code Home library Current library Date acquired Source of acquisition Cost, normal purchase price Full call number Barcode Copy number Cost, replacement price Koha item type
      Non-fiction Andrews Gunj Andrews Gunj 15/04/2025 Academic Aspiration/IN-00181/17.3.25/5/15.3.25/21.3.25 545.00 355.2230954 VYS B-761743 1 545.00 English Books
      Non-fiction Ashok Vihar Ashok Vihar 15/04/2025 Academic Aspiration/IN-00181/17.3.25/5/15.3.25/21.3.25 545.00 355.2230954 VYS B-761739 1 545.00 English Books
      Non-fiction Bawana Bawana 15/04/2025 Academic Aspiration/IN-00181/17.3.25/5/15.3.25/21.3.25 545.00 355.2230954 VYS B-761745 1 545.00 English Books
      Non-fiction Central Library Central Library 15/04/2025 Academic Aspiration/IN-00181/17.3.25/5/15.3.25/21.3.25 545.00 355.2230954 VYS B-761737 1 545.00 English Books
      Non-fiction Janak Puri Janak Puri 15/04/2025 Academic Aspiration/IN-00181/17.3.25/5/15.3.25/21.3.25 545.00 355.2230954 VYS B-761741 1 545.00 English Books
      Non-fiction Mobile Library Mobile Library 19/06/2025 Delivery of Books Act Division 545.00 355.2230954 VYS EN-128990 1 545.00 English Books
      Non-fiction Narela Narela 15/04/2025 Academic Aspiration/IN-00181/17.3.25/5/15.3.25/21.3.25 545.00 355.2230954 VYS B-761744 1 545.00 English Books
      Non-fiction New Police Line New Police Line 15/04/2025 Academic Aspiration/IN-00181/17.3.25/5/15.3.25/21.3.25 545.00 355.2230954 VYS B-761738 1 545.00 English Books
      Non-fiction Patel Nagar Patel Nagar 15/04/2025 Academic Aspiration/IN-00181/17.3.25/5/15.3.25/21.3.25 545.00 355.2230954 VYS B-761740 1 545.00 English Books
      Non-fiction Sarojini Nagar Sarojini Nagar 15/04/2025 Academic Aspiration/IN-00181/17.3.25/5/15.3.25/21.3.25 545.00 355.2230954 VYS B-761742 1 545.00 English Books

© Delhi Public Library
Hit Counter
free hit counter